Song Lyrics Aespa - Hold on Tight - Statistics

General Stats
  • This quiz has been taken 101 times
  • The average score is 205 of 283
Answer Stats
Answer % Correct
a
100%
A
100%
and
98%
on
98%
(on
98%
you
98%
Baby,
97%
Hold
97%
hold
97%
(hold
97%
me
97%
tight
97%
tight,
97%
tight)
97%
twisted
93%
are
91%
fantasy
90%
(I
84%
I
84%
be
81%
different
81%
seat
79%
seat,
79%
take
79%
up
79%
Buckle
76%
Situation
76%
critical,
74%
chaotic
71%
life)
71%
to
71%
your
71%
Beat
69%
energy
69%
(for
69%
it's
69%
(it's
69%
the
69%
We
69%
Better
67%
better
67%
differently,
67%
Keep
67%
keep
67%
moving
67%
(moving)
67%
know,
66%
know)
66%
of
66%
Wired
66%
all
62%
(all
62%
dream,
62%
enemies
62%
See
62%
meant
60%
POV
60%
were
60%
we're
60%
But
59%
back
57%
cruising
57%
(cruising)
57%
Heaven
55%
million
55%
no
55%
running
55%
hell
53%
in
53%
knows
52%
my)
52%
night
52%
night)
52%
obstacles,
52%
ride
52%
system,
52%
two
52%
autopilot
50%
heavy
50%
help
50%
losing
50%
(losing)
50%
(losing,
50%
losing)
50%
This
50%
victory,
50%
vision
50%
Bodies
48%
one
48%
battlefield,
47%
blocks
47%
somehow
47%
Tunnel
47%
alright)
43%
La,
43%
la-la-la,
43%
la-la-la
43%
La-la-la,
43%
world's
43%
catastrophe
41%
peace
40%
built
38%
Faith
38%
will
36%
Yeah,
36%
shield
34%
(giving
33%
got
33%
disrupt
31%
We'll
24%
something
22%
worth
22%
disrupting
21%
real,
16%
No matching quizzes found
Score Distribution
Percent of People with Each Score
Percentile by Number Answered
Your Score History
You have not taken this quiz